000 01513cam a22004934i 4500
003 PE-LiUPU
005 20250731165507.0
008 150623s r 000 0 d
020 _a8449415489
035 _a(Sirsi) i9788449415487
040 _aPE-LiUPU
_bspa
_cPE-LiUPU
_erda
049 _aPRUA
082 0 4 _a036
_bO28 2001
_221
245 0 0 _aOceano uno color: diccionario enciclopedico /
_c[dirección, Carlos Gispert].
264 1 _aBarcelona :
_bOceano Grupo Editorial,
_c2001.
300 _a1784 páginas ;
_c22 centímetros
300 _aCD
336 _atext
_2rdacontent
337 _aunmediated
_2rdamedia
338 _avolume
_2rdacarrier
505 0 _aOceano uno color: diccionario enciclopedico.
526 _aSEG44
526 _aSEG26
526 _aP151
526 _aP150
526 _aP149
526 _aP146
526 _aP145
526 _aP126
526 _aP125
526 _aP92
526 _aP75
526 _aP74
526 _aP27
526 _aP15
650 0 4 _aEnciclopedias.
700 1 _aGispert, Carlos,
_edir.
942 _2ddc
_cBOOK
949 _aRC 036 O28 2001
_wDEWEY
_c1
_i47903
_lCCODEBUL1
_mBUL
_r0
_sY
_tBOOK
_u2015-6-24
_xEDUCACION
_zUNKNOWN
_0COMPRA
_o.STAFF. Colección General
994 _aC0
_bPEPRU
596 _a1
999 _aRC 036 O28 2001
_wDEWEY
_c24376
_i47903
_d24376
_f2021-11-8
_g5
_lRCG
_mBUL
_q3
_r1
_sY
_tBOOK
_u2015-6-24
_xBIBLIOTECA
_zUNKNOWN
_0COMPRA
_o.STAFF. Colección General
980 _81
_gALBERTO SANCHEZ Responsable de Automatización